| 000 | 00332nam a2200109Ia 4500 | ||
|---|---|---|---|
| 008 | 171211s9999 xx 000 0 und d | ||
| 245 | 2 | _aA Book of Conquest: The Chachnama and Muslim Origins in South Asia | |
| 245 | _cManan Ahmed Asif | ||
| 260 | _c2016 | ||
| 650 | _xRELIGION | ||
| 856 | _uhttp://down.ebook777.com/062/0674660110.pdf | ||
| 999 |
_c350602 _d350602 |
||